Subvencions a ens locals per a activitats 1995 : acció territorial, cultura, educació, esports, Oficina del Pla Jove, medi ambient, salut pública i consum, serveis socials acció territorial, cultura, educació, esports, Oficina del Pla Jove, medi ambient, salut pública i consum, serveis socials
Descripción Física:
1 fulletó amb les normes reguladores i 27 fitxes dins una carpeta ; 31 cm
Materias:
Barcelona. Diputació -- Subvencions
MARC
| LEADER | 00000nam a2200000Ia 4500 | ||
|---|---|---|---|
| 001 | 11092 | ||
| 008 | 160829s9999 xx 000 0 cat d | ||
| 080 | |a FOL-1-134 | ||
| 110 | 1 | |a Barcelona (Catalunya : Província). |b Diputació |9 52408 | |
| 245 | |a Subvencions a ens locals per a activitats 1995 : |b acció territorial, cultura, educació, esports, Oficina del Pla Jove, medi ambient, salut pública i consum, serveis socials | ||
| 260 | |a Barcelona : |b Diputació de Barcelona, [1995?] | ||
| 300 | |a 1 fulletó amb les normes reguladores i 27 fitxes dins una carpeta ; |c 31 cm | ||
| 650 | |a Barcelona. Diputació |x Subvencions |9 23017 | ||
| 901 | |a Arxiu | ||
| 942 | |n 1 | ||
| 952 | |0 0 |1 0 |4 0 |6 FOL1134 |7 1 |9 42468 |a Arxiu |b Arxiu |d 2016-12-01 |l 0 |o FOL-1-134 |p 11092 |r 2016-12-01 00:00:00 |w 2016-12-01 |y ARXIU | ||
| 999 | |c 44973 |d 44973 | ||